000 00855nam a2200265Ia 4500
003 OSt
005 20220928112602.0
006 a|||||r|||| 00| 0
007 ta
008 220927b |||||||| |||| 00| 0 eng d
020 _cEURO 59.99
024 _a139546
037 _b129, 07/02/2019, Classic Book Service
_cTextual
040 _aSDCL
_cSDCL
_beng
041 _2eng
_aeng
082 _aX61:(B), Q7
100 _aHacker Joachim
_9428938
245 0 _aFinancial modeling
_b An introductory guide to excel and VBA applications in finance
260 _aLondon
_bPalgrave macmillan
_c2017
300 _alxiii,956p.
_ccm.
650 _aFinancial Studies
700 _a Ernst Dietmar
_9428939
942 _hX61:(B), Q7
_cTEXL
_2CC
999 _c745419
_d745419